| 000 | 00801nam a22002657a 4500 | ||
|---|---|---|---|
| 003 | OSt | ||
| 005 | 20220107122814.0 | ||
| 008 | 160518b xxu||||| |||| 00| 0 eng d | ||
| 020 | _a9781680941371 | ||
| 040 | _cIIITMK | ||
| 082 | _a003.3 HUA/C | ||
| 100 |
_aHuang, Ning (Ed.) _99568 |
||
| 245 |
_aComputer simulation techniques in process improvement and management _cNing Huang |
||
| 260 |
_aNew York, _bArcler Press, _c2015. |
||
| 300 | _axii, 316p. | ||
| 650 |
_aCOMPUTER SCIENCE _99569 |
||
| 650 |
_aCOMPUTATIONAL SIMULATION _99570 |
||
| 650 |
_aMODELING AND SIMULATION _910693 |
||
| 650 |
_aRAMAN SCATTERING _99738 |
||
| 650 |
_aMONTE CARLO METHODS _910694 |
||
| 650 |
_aWAVELETS _99739 |
||
| 650 |
_aCOMPUTATIONAL MATHEMATICS _910695 |
||
| 650 |
_aFLUID DYNAMICS _910696 |
||
| 942 |
_2ddc _cBK |
||
| 999 |
_c5185 _d5185 |
||